Assamese,its origin and substratum / (Record no. 5403)

MARC details
000 -LEADER
fixed length control field 01275nam a2200157 4500
001 - CONTROL NUMBER
control field 6412
090 00 - LOCALLY ASSIGNED LC-TYPE CALL NUMBER (OCLC); LOCAL CALL NUMBER (RLIN)
Classification number (OCLC) (R) ; Classification number, CALL (RLIN) (NR) 423.91451 M37a 2008
100 00 - MAIN ENTRY--PERSONAL NAME
Personal name Maral, Bhagaban.
245 00 - TITLE STATEMENT
Title Assamese,its origin and substratum /
Remainder of title
Statement of responsibility, etc. Bhagaban Maral
Medium
250 00 - EDITION STATEMENT
Edition statement 1st ed.
260 00 - PUBLICATION, DISTRIBUTION, ETC.
Place of publication, distribution, etc. Guwahati;
Name of publisher, distributor, etc. Assam Panchajyoti Prakash,
Date of publication, distribution, etc. 2008.
300 00 - PHYSICAL DESCRIPTION
Extent xxiv, 330 p; 22 cm.
505 ## - FORMATTED CONTENTS NOTE
Formatted contents note Contents: Preface -- Chapter-1 : The land and its languages -- Emergence of kamarupa speech -- Chapter-2 : The pre-Aryans in India and Assam -- Chapter-3 : Establishment of Hindu civilisation in Assam -- Chapter 4 : Dravido-Aryan sovereigns in Assam -- Chapter-5 : Pre- vedic and vedic elements in Assamese -- Chapter-6 : Pre- Aryan words in Assamese -- Chapter-7 : Pre-Aryan etymological parallels -- Chapter-8 : Pre-Aryan toponyms and river-names of Assam -- Pre-Aryan river-names -- Austric equivalents for water,river -- Sino-Tibetan equivalents for water -- Loan from pre-Aryan austric substratum -- Loan words -- the red river -- Austric equivalents for water or river -- Chapter-9 : Peculiarities of sounds of Assamese -- Sounds of Assamese -- Chapter-10 : Morphological peculiarities -- Chapter-11 : Syntax -- Chapter-12 : Conclusion.
Miscellaneous information
Statement of responsibility
Title
650 00 - SUBJECT ADDED ENTRY--TOPICAL TERM
Topical term or geographic name entry element
General subdivision
Holdings
Withdrawn status Lost status Source of classification or shelving scheme Damaged status Not for loan Collection code Home library Current library Shelving location Date acquired Serial Enumeration / chronology Inventory number Total Checkouts Full call number Barcode Date last seen Price effective from Koha item type
    Dewey Decimal Classification     Main TEST RTC Library RTC Library Main opac 27/11/2018 10118   423.91 MAR 30010262 27/11/2018 27/11/2018 Main
Royal Thimphu College || All Right Reserved